000 00902nam a2200229Ia 4500
001 10046
003 GE_BSU
008 181216s||||||||xx |||||||||||||| ||und||
020 _a9789941104572
040 _cGE_BSU
080 _a811.353.1'282+811.353'374.26
100 _aკობერიძე,მარიამ
245 _aზემოაჭარულის დარგობრივი ლექსიკა
245 _cრედ:ალექსი ჭინჭარაული
260 _aთბილისი.
260 _bმერიდიანი.
260 _c2011
300 _a243გვ;19სმ.
300 _bბიბლიოგრფ:გვ;180-190.შემოკლებათა განმ.186-187გვ;რეზ.ინგლ.ენ.
653 _aზემოაჭარულის დარგობრივი ლექსიკა
942 _cBK
999 _c43319
_d43319